Demystifying investment growth in Indian industries (Record no. 108648)

MARC details
000 -LEADER
fixed length control field 01158cad a22002175a 4500
001 - CONTROL NUMBER
control field L144892
008 - FIXED-LENGTH DATA ELEMENTS--GENERAL INFORMATION
fixed length control field 080818s2008 xxkdo f 000 0 eng d
035 ## - SYSTEM CONTROL NUMBER
System control number (Sirsi) u144892
041 0# - LANGUAGE CODE
Language code of text/sound track or separate title eng
050 04 - LIBRARY OF CONGRESS CALL NUMBER
Classification number 333.33 $2 18
100 1# - MAIN ENTRY--PERSONAL NAME
Personal name Chaudhuri, Atanu
245 00 - TITLE STATEMENT
Title Demystifying investment growth in Indian industries
Medium [electronic resource]
260 ## - PUBLICATION, DISTRIBUTION, ETC.
Place of publication, distribution, etc. [S.I]
Name of publisher, distributor, etc. [s.n.]
Date of publication, distribution, etc. 2008
520 ## - SUMMARY, ETC.
Summary, etc. Article discusses whether manufacturers in India are making the necessary investments to ensure future stability and profitability and suggests that they are instead focusing on short term profitability and cash flow. The report was created through analysis of two hundred automotive components; electronics and chemicals companies and also identifies outperforming and underperforming companies in each of these industries.
651 #4 - SUBJECT ADDED ENTRY--GEOGRAPHIC NAME
Geographic name India
690 ## - LOCAL SUBJECT ADDED ENTRY--TOPICAL TERM (OCLC, RLIN)
Topical term or geographic name as entry element PROPERTY-COMMERCIAL PROPERTY-COMMERCIAL PROPERTY MARKET
700 1# - ADDED ENTRY--PERSONAL NAME
Personal name Koudal, Peter
700 1# - ADDED ENTRY--PERSONAL NAME
Personal name Seshadri, Shridhar
856 40 - ELECTRONIC LOCATION AND ACCESS
Uniform Resource Identifier <a href="https://www.deloitte.com/assets/Dcom-Global/Local%20Assets/Documents/dtt_sensex_part1(2).pdf">https://www.deloitte.com/assets/Dcom-Global/Local%20Assets/Documents/dtt_sensex_part1(2).pdf</a>
Public note View the item free of charge online at www.deloitte.com...
942 ## - ADDED ENTRY ELEMENTS (KOHA)
Suppress in OPAC 0
Holdings
Withdrawn status Lost status Source of classification or shelving scheme Damaged status Not for loan Home library Current library Shelving location Date acquired Total Checkouts Full call number Barcode Date last seen Copy number Price effective from Koha item type
    Dewey Decimal Classification     Virtual Virtual Online 18/08/2008   ONLINE PUBLICATION 144892-1001 06/08/2019 1 06/08/2019 Book